• 首页
  • 本馆介绍
  • 公告通知
  • 最新文献
  • 馆藏检索
  • 电子资源
  • 读者导购
  • 参考咨询
  • 我的图书馆
  • 登录
  • 详细信息显示
  • 放入我的书架
  • 预约/预借图书
  • 作者相关作品
  • 分类相关作品
  • 丛书相关作品
  • 出版社相关作品

书目信息

  • 表格格式
  • 工作单格式
  • 卡片格式
题名:
线性系统分析
    
 
作者: Cheng , 郑钧 著 ;毛培法 译
分册:  
出版信息: 北京   科学出版社  1978
页数: 526页
开本: 19cm
丛书名:
单 册:
中图分类: O231.1
科图分类:
主题词: 线性系统理论
电子资源:
ISBN:
000 00756nam0 2200265 45
001 0178001869
005 20070930150735.96
010    @dCNY1.70
091    @a15031.159
100    @a19950728d1978 em y0chiy0121 ea
101 1  @achi@ceng
102    @aCN@b110000
105    @ay z 000yy
200 10 @a线性系统分析@Axian xing xi tong fen xi@f(美)郑钧(D.K.Cheng)著@g毛培法译
210    @a北京@c科学出版社@d1978
215    @a526页@d19cm
300    @a书名原文:Analysis of linear systems
510 1  @aAnalysis of linear systems@zeng
606    @a线性系统理论
690    @aO231.1@v3
701 A1 @aCheng@bD.K.@4著
701  1 @a郑钧@Azheng jun@bD.K.@4著
702  0 @a毛培法@Amao pei fa@4译
801  0 @aCN@bTSSF@c20070930
905    @a10447@dO231.1@e44
    
    线性系统分析/(美)郑钧(D.K.Cheng)著/毛培法译.-北京:科学出版社,1978
    526页;19cm
    书名原文:Analysis of linear systems
    
    ISBN :CNY1.70
    
●
相关链接 在E读中查询图书 在五车中查询图书 在当当中查询图书 在豆瓣中查询图书


正题名:线性系统分析     索取号:O231.1/44         预约/预借

序号 登录号 条形码 馆藏地/架位号 状态 备注
1 626267   206262676   密集书库/ [索取号:O231.1/44] 在馆    
唐山师范学院图书馆 欢迎您!
大连网信软件有限公司© 版权所有